000 00668nam a22002417a 4500
003 UA-OsUOA
001 89151
007 ta
008 20121031b un ||||| |||| 00| 0 ukr d
100 _aСавчук О.
090 _a94(438:477)
_bС13
942 _cBK
040 _aUA-OsUOA
_bukr
_cUA-OsUOA
_dUA-OsUOA
245 _aДепортації українців з Холмщини й Підляшшя в 1944 -1947
300 _a240 с.
955 _a2
041 _aukr
080 _a94(438:477)
020 _a978-966-2379-46-4
260 _aЛуцьк
_c2012
650 7 _a9 Географія. Біографії. Історія
_2UDC
999 _c375427
_d375427